000 00535 a2200193 4500
001 135421
020 _a978-85-02-06580-2
040 _cLeonardo Da Vinci
041 _aPortuguês
082 _a981 C971h
_bC971h
100 _aCOSTA, Clovis Corrêa da
245 _aA história do futuro do Brasil
_b(114 - 2040)
260 _bSaraiva
_c2007
_aSão Paulo
300 _a264
362 _a20070000
490 _aVirgília
697 _aCondições econômicas
_aHistória
_aBrasil
_aCondições sociais
_aGoverno
_aFIPEN
942 _cBK
999 _c135421
_d135421